Sexuality in Mid-Life : (Record no. 611907)

MARC details
000 -LEADER
fixed length control field 00514nam a2200193 a 4500
008 - FIXED-LENGTH DATA ELEMENTS--GENERAL INFORMATION
fixed length control field 260211s1998##################000#0#eng##
020 ## - INTERNATIONAL STANDARD BOOK NUMBER
ISBN 9780306457425
082 04 - DEWEY DECIMAL CLASSIFICATION NUMBER
Classification number 306.70844
Item number LEV
100 1# - MAIN ENTRY--AUTHOR NAME
Personal name Levine, Stephen B.,
245 10 - TITLE STATEMENT
Title Sexuality in Mid-Life :
260 ## - PUBLICATION, DISTRIBUTION, ETC. (IMPRINT)
Name of publisher Springer Science & Business Media,
Year of publication 1998.
300 ## - PHYSICAL DESCRIPTION
Number of Pages 226 pages
650 #0 - SUBJECT ADDED ENTRY--TOPICAL TERM
Topical Term Medical.
942 ## - ADDED ENTRY ELEMENTS (KOHA)
Koha item type English Books
Holdings
Withdrawn status Lost status Damaged status Not for loan Home library Current library Shelving location Date acquired Full call number Accession Number Price effective from Koha item type
        Anna Centenary Library Anna Centenary Library 3RD FLOOR, B WING 11.02.2026 306.70844 LEV 301172 11.02.2026 English Books

Find us on the map